|
|
|
|
| LEADER |
01628nam a2200433Ia 4500 |
| 001 |
EBC958480 |
| 003 |
MiAaPQ |
| 005 |
20200520144314.0 |
| 006 |
m o d | |
| 007 |
cr cn||||||||| |
| 008 |
110526s2012 nyua sb 001 0 eng d |
| 010 |
|
|
|z 2011022245
|
| 020 |
|
|
|z 9781136621628
|
| 020 |
|
|
|z 9780415598316
|
| 020 |
|
|
|z 9780203705803
|
| 035 |
|
|
|a (MiAaPQ)EBC958480
|
| 035 |
|
|
|a (Au-PeEL)EBL958480
|
| 035 |
|
|
|a (CaPaEBR)ebr10542176
|
| 035 |
|
|
|a (CaONFJC)MIL500572
|
| 035 |
|
|
|a (OCoLC)798531227
|
| 040 |
|
|
|a MiAaPQ
|c MiAaPQ
|d MiAaPQ
|
| 050 |
|
4 |
|a HF1604.Z4
|b I473 2012
|
| 082 |
0 |
4 |
|a 337.51054
|2 23
|
| 100 |
1 |
|
|a Palit, Amitendu.
|
| 245 |
1 |
0 |
|a China-India economics
|h [electronic resource] :
|b challenges, competition & collaboration /
|c Amitendu Palit.
|
| 260 |
|
|
|a New York :
|b Routledge,
|c 2012.
|
| 300 |
|
|
|a xvii, 192 p. :
|b ill.
|
| 490 |
1 |
|
|a Routledge studies in the modern world economy ;
|v 100
|
| 504 |
|
|
|a Includes bibliographical references and index.
|
| 533 |
|
|
|a Electronic reproduction. Ann Arbor, MI : ProQuest, 2015. Available via World Wide Web. Access may be limited to ProQuest affiliated libraries.
|
| 650 |
|
0 |
|a Free trade
|z Asia.
|
| 651 |
|
0 |
|a China
|x Foreign economic relations
|z India.
|
| 651 |
|
0 |
|a India
|x Foreign economic relations
|z China.
|
| 651 |
|
0 |
|a China
|x Economic policy
|y 2000-
|
| 651 |
|
0 |
|a India
|x Economic policy
|y 21st century.
|
| 655 |
|
4 |
|a Electronic books.
|
| 710 |
2 |
|
|a ProQuest (Firm)
|
| 830 |
|
0 |
|a Routledge studies in the modern world economy ;
|v 100.
|
| 856 |
4 |
0 |
|u https://ebookcentral.proquest.com/lib/matrademy/detail.action?docID=958480
|z Click to View
|